00643nam a22001697a 450000500170000001000130001702000260003003500110005603700160006708200110008310000380009424501100013224600820024226000490032427000770037330000230045020191121144527.0 aUR-10597 c300.00a9789389002744 aU-9152 bDBAD/PUBa- a841.08 aخا ن ر ضو ا نہ بيگم  aا ر د و کی چند ا ہم طو يل نظمو ں کا تجز يہ cخا ن ر ضو ا نہ بيگم bUrdu ki Chand Ahem Taweel Nazmon Ka Tajaziya (Urdu)aby Khan Rizwana Begum  aDelhibEducational Publishing Housec2019 ء a3191,Vakil Street, Kucha Pandit,Lal Kuan,bDelhie110006k01123216162l- a288 ص c22 Cm(Hb)